000 00804cam a2200229 i 4500
003 SA-RiAUC
005 20251030113049.0
008 251022s1972 su g 00010 ara c
040 _aSA-JeALM
_bara
_cSA-RiAUC
_erda
082 0 4 _a252.3
_qSA-RiAUC
090 _a252.3
_bش ع ر
100 1 _aالشعراوي، محمد متولي،
_d1911-1998
_eمؤلف.
245 1 0 _aفي رحاب رمضان /
_cمحمد متولي الشعراوي.
264 1 _aجدة :
_bالمكتبة الثقافية,
_c1973
300 _a40 صفحة ؛
_c14 سم
336 _aنص
_btxt
_2rdacontent
_3كتاب
337 _aبدون وسيط
_bn
_2rdamedia
338 _aمجلد
_bnc
_2rdacarrier
650 7 _aالفقه الإسلامي
_2aucsh
942 _2ddc
_cBOOK
_n0
949 _aSA-JeALM
_d251022
_umohamedma123
_n1
999 _c12812
_d12812